000 00313nmm a2200133 a 4500
003 AR-BaBNM
005 20251128202919.0
008 184019s1894 ||||||||||||||000 | spa||
040 _cAR-BaBNM
245 1 0 _aAlbum de la guerra del Paraguay
_n2
260 _a[S.l.]
_b[s.n.]
_c1894
942 _cBK
998 _cJacobzon
999 _c1166
_d1166